00497nam a2200133Ia 4500001000900000003000500009005001700014008004100031010001100072040001800083100003100101245016100132260007000293dia_6650CHAP20251030134944.0220117s1988 xx 000 0 und d a177966 cCHAPamxchpua1 aPortillo Vázquez, Marcos aProgramación lineal aplicada a la agricultura : procesamiento en microcomputadora /c Marcos Portillo Vázquez y Laura Ixmukané Calderón Marroquín aMéxico :b UACh. Departamento de Economía Agrícola,c1988